000 01129 a2200337 4500
502 _aThèse de Doctorat
260 _aWageningen
653 1 _aAgronomie
100 _aDUQQAH, Mohammed M.
041 _bEn
260 _bUniversité de Wageningen
300 _a261 p.
245 _aTreated sewage water use in irrigated agriculture : theoretical design of farming systems in Siel Al Zarqa and the Middle Jordan Valley in Jordan
650 _aSYSTEME D'EXPLOITATION AGRICOLE
650 _aFARMING SYSTEM
650 _aEAU USEE
650 _aRECHERCHE
650 _aTRAITEMENT DE L'EAU
650 _aEAU
650 _aCULTURE IRRIGUEE
260 _c03 december 2002
300 _bIll., Couv. ill. ; 24 cm
130 _lEn
710 _aWageningen University
040 _aSupport
041 _bEn
100 _uAbomey-Calavi, Université d'Abomey-Calavi, Faculté des Sciences Agronomiques, Bj
651 _aJORDANIE
520 _aMost of Jordan is arid and water resources are limited. This situation becomes more acute the more Jordan develops. New techniques in agriculture.....
999 _c32196
_d32196